<?xml version="1.0" encoding="UTF-8"?>
<record
    xmlns:xsi="http://www.w3.org/2001/XMLSchema-instance"
    xsi:schemaLocation="http://www.loc.gov/MARC21/slim http://www.loc.gov/standards/marcxml/schema/MARC21slim.xsd"
    xmlns="http://www.loc.gov/MARC21/slim">

  <leader>00694nam a22002057a 4500</leader>
  <controlfield tag="008">140930b    2011mx ||||| |||| 00| 0 spa d</controlfield>
  <datafield tag="020" ind1=" " ind2=" ">
    <subfield code="a">9786077521099</subfield>
  </datafield>
  <datafield tag="050" ind1=" " ind2=" ">
    <subfield code="a">Q180 D54 2011</subfield>
  </datafield>
  <datafield tag="100" ind1=" " ind2=" ">
    <subfield code="a">DIETERICH, Heinz</subfield>
    <subfield code="e">/autor</subfield>
    <subfield code="9">1264</subfield>
  </datafield>
  <datafield tag="245" ind1=" " ind2=" ">
    <subfield code="a">Nueva gu&#xED;a para la investigaci&#xF3;n cient&#xED;fica</subfield>
    <subfield code="c">/Heinz Dieterich</subfield>
  </datafield>
  <datafield tag="260" ind1=" " ind2=" ">
    <subfield code="a">M&#xE9;xico</subfield>
    <subfield code="b">:Orfila Valenti</subfield>
    <subfield code="c">,2011</subfield>
  </datafield>
  <datafield tag="300" ind1=" " ind2=" ">
    <subfield code="a">286 p&#xE1;ginas</subfield>
    <subfield code="e">1 CD-ROM</subfield>
  </datafield>
  <datafield tag="337" ind1=" " ind2=" ">
    <subfield code="a">texto</subfield>
  </datafield>
  <datafield tag="338" ind1=" " ind2=" ">
    <subfield code="a">sin medio</subfield>
  </datafield>
  <datafield tag="339" ind1=" " ind2=" ">
    <subfield code="a">volumen</subfield>
  </datafield>
  <datafield tag="490" ind1=" " ind2=" ">
    <subfield code="a">Colecci&#xF3;n Universitaria</subfield>
  </datafield>
  <datafield tag="500" ind1=" " ind2=" ">
    <subfield code="a">Educaci&#xF3;n Flexible
Maestr&#xED;a en Derecho Penal / Seminario de Investigaci&#xF3;n 
(M02-1) / (17 002026)</subfield>
  </datafield>
  <datafield tag="650" ind1="1" ind2="4">
    <subfield code="a">INVESTIGACI&#xD3;N</subfield>
    <subfield code="x">ESTUDIO Y ENSE&#xD1;ANZA</subfield>
    <subfield code="9">638</subfield>
  </datafield>
  <datafield tag="942" ind1=" " ind2=" ">
    <subfield code="c">LB</subfield>
    <subfield code="2">lcc</subfield>
  </datafield>
  <datafield tag="952" ind1=" " ind2=" ">
    <subfield code="0">0</subfield>
    <subfield code="1">0</subfield>
    <subfield code="4">0</subfield>
    <subfield code="7">0</subfield>
    <subfield code="a">22</subfield>
    <subfield code="b">22</subfield>
    <subfield code="d">2014-09-30</subfield>
    <subfield code="e">Promotora NARO</subfield>
    <subfield code="l">3</subfield>
    <subfield code="o">Q180 D54 2011</subfield>
    <subfield code="p">17 002026</subfield>
    <subfield code="r">2017-06-10</subfield>
    <subfield code="s">2017-06-10</subfield>
    <subfield code="t">1</subfield>
    <subfield code="w">2014-09-30</subfield>
    <subfield code="y">LB</subfield>
  </datafield>
  <datafield tag="999" ind1=" " ind2=" ">
    <subfield code="c">94337</subfield>
    <subfield code="d">94337</subfield>
  </datafield>
</record>
